000 00322nam a2200133Ia 4500
005 20251222140051.0
008 251222s1900||||xx |||||||||||||| ||spa||
020 _a884017012X
082 _a170/V45/1999
100 _aVendemiatri, Aldo
245 0 _aIn Prima Persona.
264 _bUrbaniana University Press
942 _cLIB
999 _c3588
_d3588